书目信息 |
| 题名: |
基于Oracle应用服务器的Web开发技术
|
|
| 作者: | 肖平 , 付小龙 , 黄卫卫 编著 | |
| 分册: | ||
| 出版信息: | 北京 清华大学出版社 2003.03 |
|
| 页数: | 13,337页 | |
| 开本: | 23cm | |
| 丛书名: | ||
| 单 册: | ||
| 中图分类: | TP311.138OR | |
| 科图分类: | ||
| 主题词: | 关系型数据库--数据库管理系统--程序设计--教材 | |
| 电子资源: | ||
| ISBN: | 7-302-06048-7 | |
| 000 | 01049nam0 2200265 450 | |
| 001 | 0100176800 | |
| 005 | 20050821165519.51 | |
| 010 | @a7-302-06048-7@dCNY33.00 | |
| 100 | @a20030313d2003 kmey0chiy0121 ea | |
| 101 | 0 | @achi |
| 102 | @aCN@b110000 | |
| 105 | @aa z 000yy | |
| 200 | 1 | @a基于Oracle应用服务器的Web开发技术@AJi Yu Oracle Ying Yong Fu Wu Qi De Web Kai Fa Ji Shu@f肖平, 付小龙, 黄卫卫编著@Fxiao ping,fu xiao long,huang wei wei bian zhu |
| 210 | @a北京@c清华大学出版社@d2003.03 | |
| 215 | @a13,337页@c图@d23cm | |
| 330 | @a本书重点介绍如何结合Oracle数据库和OAS(IAS)应用服务器开发Web方式的网络应用。全书分为两部分。HTML网页制作和Oracle Application Server应用与开发。 | |
| 333 | @aOracle系列培训教材清华大学Oracle培训中心教学用书。 | |
| 606 | 0 | @a关系型数据库@x数据库管理系统@x程序设计@j教材 |
| 610 | 0 | @aOracle |
| 690 | @aTP311.138OR@v4 | |
| 701 | 0 | @a肖平@Axiao ping@4编著 |
| 701 | 0 | @a付小龙@Afu xiao long@4编著 |
| 701 | 0 | @a黄卫卫@Ahuang wei wei@4编著 |
| 801 | 0 | @aCN@bQSSK@c20050821 |
| 905 | @a10447@dTP311.138OR@eX293 | |
| 基于Oracle应用服务器的Web开发技术/肖平, 付小龙, 黄卫卫编著.-北京:清华大学出版社,2003.03 |
| 13,337页:图;23cm |
| 使用对象:Oracle系列培训教材清华大学Oracle培训中心教学用书。 |
| ISBN 7-302-06048-7:CNY33.00 |
| 本书重点介绍如何结合Oracle数据库和OAS(IAS)应用服务器开发Web方式的网络应用。全书分为两部分。HTML网页制作和Oracle Application Server应用与开发。 |
| ● |
| 相关链接 |
|
|
|
正题名:基于Oracle应用服务器的Web开发技术
索取号:TP311.138OR/X293
 
预约/预借
| 序号 | 登录号 | 条形码 | 馆藏地/架位号 | 状态 | 备注 |
| 1 | 561762 | 205617625 | 自科二线404/404自科库 21排5列6层/ [索取号:TP311.138OR/X293] | 在馆 | |
| 2 | 561763 | 205617634 | 期刊室512/301自科库 72排2列3层/ [索取号:TP311.138OR/X293] | 在馆 | |
| 3 | 561764 | 205617643 | 自科二线404/404自科库 18排1列6层/ [索取号:TP311.138OR/X293] | 在馆 |